SCIENTIFIC EXPOSITION OF AYURVEDA (Record no. 8755)

MARC details
000 -LEADER
fixed length control field 00296nam a22001337a 4500
003 - CONTROL NUMBER IDENTIFIER
control field SGT
082 ## - DEWEY DECIMAL CLASSIFICATION NUMBER
Classification number 615.53
Item number S05K
100 ## - MAIN ENTRY--PERSONAL NAME
Personal name KUMAR, SUDHIR
245 ## - TITLE STATEMENT
Title SCIENTIFIC EXPOSITION OF AYURVEDA
260 ## - PUBLICATION, DISTRIBUTION, ETC. (IMPRINT)
Place of publication, distribution, etc VARANASI
Name of publisher, distributor, etc V.K INFOTECH PUB
Year of Publication 2005
300 ## - PAGE DESCRIPTION
No. of Pages 436
650 ## - SUBJECT ADDED ENTRY--TOPICAL TERM
Topical term or geographic name as entry element AYURVEDA
942 ## - ADDED ENTRY ELEMENTS (KOHA)
Source of classification or shelving scheme Dewey Decimal Classification
Koha item type Books
Holdings
Withdrawn status Lost status Source of classification or shelving scheme Damaged status Use restrictions Not for loan Collection code Home library Current library Shelving location Date acquired Vendor Name Cost, normal purchase price SGTU Bill Number Full call number Accession No. (Barcode) Date last seen Bill Date Koha item type
    Dewey Decimal Classification   Restricted Access   AYURVEDA SGT FA-FP Library SGT FA-FP Library Reference Book 05/04/2016 CHAUKHAMBHA 0.00 SGTU 1079 615.53 S05K FA5014 05/04/2016 10/02/2016 Books